Top 'Anna/Ana' Girl Names (US 2009) Quiz Stats

 Plays Quiz not verified by Sporcle

Challenge
Share
Tweet
Embed
Score 0/71 Timer 12:00
0 Plays Today
Rank Name % Correct
29.Anna
96.7%
182.Ana
93.7%
24.Brianna
78.5%
440.Hanna
76.4%
151.Briana
76%
219.Mariana
70.8%
806.Marianna
70.4%
52.Arianna
68.1%
82.Ariana
67.9%
154.Juliana
65.4%
190.Julianna
65.2%
165.Diana
64.7%
722.Annabel
58.7%
23.Hannah
58.3%
120.Liliana
56.4%
709.Leanna
55.7%
125.Adriana
55.6%
171.Adrianna
55.6%
156.Annabelle
55.1%
583.Liana
54%
448.Lana
53.8%
833.Hana
52.6%
739.Lilianna
52.5%
76.Gianna
52.5%
301.Joanna
52.1%
204.Breanna
50.7%
376.Lilliana
50.7%
609.Tiana
50.3%
560.Anabelle
49.8%
603.Giana
49.6%
173.Alana
49.3%
461.Annabella
49.2%
600.Deanna
47.5%
864.Lillianna
47.1%
193.Eliana
46.6%
788.Anabella
45.6%
Rank Name % Correct
475.Alanna
45.5%
852.Tianna
44.3%
328.Savanna
44.1%
388.Rihanna
42.7%
872.Elianna
42.7%
390.Danna
35.4%
913.Aliana
35.2%
40.Savannah
34.7%
547.Kiana
34.7%
474.Johanna
33%
433.Viviana
29.2%
522.Lilyana
26.6%
999.Lilyanna
26.5%
608.Bryanna
24.9%
515.Elliana
24.8%
683.Luciana
24.2%
324.Anastasia
24.1%
358.Tatiana
22.6%
648.Annalise
21.2%
753.Aryana
20.4%
576.Aryanna
19.9%
900.Savanah
19.7%
719.Iliana
18.6%
991.Alannah
16.2%
797.Giovanna
14.9%
705.Giuliana
14.3%
965.Ivanna
13.7%
789.Ayana
10.3%
633.Ayanna
9.9%
830.Chana
9.1%
421.Dayana
7.1%
329.Analia
6.5%
607.Aiyana
4.9%
948.Aiyanna
4.8%
817.Yuliana
2.8%

You're not logged in!

Compare scores with friends on all Sporcle quizzes.
Join for Free
OR
Log In

You Might Also Like...

Show Comments

Extras

Top Quizzes Today


Score Distribution

Your Account Isn't Verified!

In order to create a playlist on Sporcle, you need to verify the email address you used during registration. Go to your Sporcle Settings to finish the process.

Report this User

Report this user for behavior that violates our Community Guidelines.

Details: